Top 25 des plus grosses ventes de l'AJ Auxerre - Statistiques

Statistiques générales
  • Ce quiz a été pris 66 fois
  • Le résultat moyen est 11 sur 25
Statistiques - réponses
Réponse % Correct
Djibrill Cissé
98%
Philippe Mexès
80%
Laurent Blanc
67%
Bacary Sagna
61%
Stéphane Guivarc'h
59%
Bonaventure Kalou
56%
Paul-Georges Ntep
54%
Eric Cantona
52%
Younès Kaboul
48%
Evan Ndicka
44%
Taribo West
43%
Abou Diaby
41%
Alain Traoré
41%
Benjani
41%
Benoît Cheyrou
41%
Bernard Diomède
38%
Harrisson Marcelin
38%
Thomas Kahlenberg
38%
Corentin Martins
34%
Delvin N'Dinga
34%
Kanga Akalé
33%
Moussa Saïb
31%
Lamine Fomba
23%
Frédéric Thomas
21%
Toifilou Maoulida
10%
Aucun quiz correspondant
Distribution des résultats
% des personnes avec chaque résultat
Percentile par nombre de réponses
Votre historique - résultats
Vous n’avez pas pris ce quiz